000 00513nam a22001577a 4500
003 macl
005 20191218123658.0
008 191218b xxu||||| |||| 00| 0 eng d
040 _cmacl
082 _a800/HAR
100 _aकुमार,डा.जितेश
_977574
245 _aहरिवंशराय ,बच्‍चन की अनुवादकला
260 _aदिल्‍ली
_bअनंग प्रकाशन
_c2017
650 _aरचनावली
_9163
942 _2ddc
_cHIN
999 _c61596
_d61596